Public debt and productivity the difficult quest for growth in Jamaica /

Bibliographic Details
Main Author: Blavy, Rodolphe.
Corporate Authors: International Monetary Fund. Western Hemisphere Dept., ProQuest (Firm)
Format: Electronic eBook
Language:English
Published: [Washington D.C.] : International Monetary Fund, c2006.
Series:IMF working paper ; WP/06/235.
Subjects:
Online Access:Click to View
LEADER 01521nam a2200385Ia 4500
001 EBC3014440
003 MiAaPQ
005 20200520144314.0
006 m o d |
007 cr cn|||||||||
008 070330s2006 dcua sb i000 0 eng d
035 |a (MiAaPQ)EBC3014440 
035 |a (Au-PeEL)EBL3014440 
035 |a (CaPaEBR)ebr10380817 
035 |a (OCoLC)694141092 
040 |a MiAaPQ  |c MiAaPQ  |d MiAaPQ 
050 4 |a HJ8552  |b .B53 2006 
100 1 |a Blavy, Rodolphe. 
245 1 0 |a Public debt and productivity  |h [electronic resource] :  |b the difficult quest for growth in Jamaica /  |c prepared by Rodolphe Blavy. 
246 3 0 |a Difficult quest for growth in Jamaica 
260 |a [Washington D.C.] :  |b International Monetary Fund,  |c c2006. 
300 |a 25 p. :  |b ill. 
490 1 |a IMF working paper ;  |v WP/06/235 
500 |a "October 2006." 
504 |a Includes bibliographical references. 
533 |a Electronic reproduction. Ann Arbor, MI : ProQuest, 2015. Available via World Wide Web. Access may be limited to ProQuest affiliated libraries. 
650 0 |a Debts, Public  |z Jamaica. 
650 0 |a Industrial productivity  |z Jamaica. 
650 0 |a Public investments  |z Jamaica. 
651 0 |a Jamaica  |x Economic conditions. 
655 4 |a Electronic books. 
710 2 |a International Monetary Fund.  |b Western Hemisphere Dept. 
710 2 |a ProQuest (Firm) 
830 0 |a IMF working paper ;  |v WP/06/235. 
856 4 0 |u https://ebookcentral.proquest.com/lib/matrademy/detail.action?docID=3014440  |z Click to View